Loading...
| History - American | 0 | 5 | 1 | 2 | 45 | 105 | 112.40 | 1 | 1 | 4.93 | 23.20 |
| History - World | 0 | 4 | 1 | 0 | 35 | 27 | 60.50 | 1 | 2 | 20.02 | 21.53 |
| History - European | 0 | 4 | 1 | 0 | 35 | 82 | 107.25 | 0 | 1 | 7.29 | 15.81 |
| Science - Other | 0 | 3 | 0 | 0 | 30 | 72 | 81.67 | 1 | 3 | 9.92 | 28.00 |
| Geography/Current Events | 0 | 3 | 0 | 2 | 30 | 82 | 109.00 | 0 | 1 | 7.35 | 21.48 |
| Fine Arts - Other | 0 | 2 | 0 | 0 | 20 | 93 | 110.50 | 0 | 0 | 3.14 | 6.00 |
| Philosophy | 0 | 2 | 0 | 1 | 20 | 99 | 110.50 | 0 | 0 | 1.61 | 2.00 |
| Literature - World/Other | 0 | 1 | 0 | 0 | 10 | 67 | 67.00 | 0 | 1 | 5.38 | 8.00 |
| Mythology | 0 | 1 | 0 | 0 | 10 | 30 | 30.00 | 1 | 1 | 7.74 | 10.00 |
| History - Other | 0 | 2 | 2 | 1 | 10 | 73 | 94.00 | 0 | 0 | 3.97 | 9.25 |
| Social Science | 0 | 0 | 1 | 0 | -5 | 0.00 | 0 | 0 | 0.00 | 0.00 | |
| Religion | 0 | 0 | 1 | 0 | -5 | 0.00 | 0 | 0 | 0.00 | 0.00 | |
| Fine Arts - Visual | 0 | 0 | 1 | 0 | -5 | 0.00 | 0 | 0 | 0.00 | 0.00 |